[Event "6th V.Nabokov Mem"]
[Site "Kyiv UKR"]
[Date "2008.04.11"]
[Round "9"]
[White "Moliboga,V"]
[Black "Baryshpolets,A"]
[Result "1-0"]
[WhiteElo "2271"]
[BlackElo "2409"]

1.e4 c5 2.Nf3 d6 3.Bb5+ Bd7 4.Bxd7+ Qxd7 5.O-O Nf6 6.Qe2 Nc6 7.c3 e6 8.d4 cxd4
9.cxd4 d5 10.e5 Ne4 11.Be3 Be7 12.Ne1 f6 13.f3 Ng5 14.Nd3 fxe5 15.dxe5 O-O
16.Bf2 Nf7 17.Nc3 b6 18.Rad1 Nfd8 19.f4 Nb7 20.a3 Nc5 21.g3 Qb7 22.b4 Nxd3
23.Rxd3 a5 24.b5 Nb8 25.Qg4 Qd7 26.Na4 Qxb5 27.Qxe6+ Rf7 28.Qxd5 Qxd5 29.Rxd5 Bxa3
30.Nxb6 Ra6 31.Ra1 Bb4 32.e6 Rf8 33.f5 Nc6 34.g4 Rd8 35.Rxd8+ Nxd8 36.Rc1 Kf8
37.Rc8 Be7 38.Nd5 Bg5 39.Bc5+  1-0

[Event "Gausdal Classics GMB"]
[Site "Gausdal NOR"]
[Date "2008.04.12"]
[Round "5"]
[White "Hammer,J"]
[Black "Peek,Mar"]
[Result "1-0"]
[WhiteElo "2457"]
[BlackElo "2389"]

1.e4 c5 2.Nf3 d6 3.Bb5+ Bd7 4.Bxd7+ Qxd7 5.c4 Nc6 6.d4 cxd4 7.Nxd4 g6 8.Nc3 Bg7
9.Nde2 Nf6 10.f3 O-O 11.O-O a6 12.a4 e6 13.Bg5 Qc7 14.b3 Nd7 15.Rb1 Nc5 16.Kh1 Rac8
17.Qc2 h6 18.Be3 Kh7 19.Rfd1 Rfd8 20.Bg1 Nb4 21.Qd2 Qe7 22.Bd4 Bxd4 23.Qxd4 b6
24.Ng3 Qg5 25.Nf1 Qe5 26.Qd2 Ncd3 27.Ne3 Rc5 28.Na2 Nxa2 29.Qxa2 Nb4 30.Qd2 a5
31.Ng4 Qg5 32.Qb2 e5 33.Qf2 Kg7 34.Rd2 h5 35.Ne3 Qf6 36.Rbd1 Kf8 37.g3 Rc6
38.Kg2 Rc5 39.f4 exf4 40.Qxf4 Qc3 41.Rxd6 Rxd6 42.Rxd6 Rc6 43.Rd8+ Kg7 44.Qg5 Kh7
45.Nf5 gxf5 46.Qxh5+ Rh6 47.Qxf7+ Qg7 48.Qxf5+ Qg6 49.Rd7+ Kg8 50.Rd8+ Kh7
51.Rd7+ Kg8 52.g4 Nc6 53.Kg3 Qf6 54.Qxf6 Rxf6 55.g5 Rf1 56.Rd6 Ne5 57.Rxb6 Rf3+
58.Kg2 Rf4 59.Ra6 Rg4+ 60.Kf1 Rf4+ 61.Kg2 Rg4+ 62.Kf1 Rf4+ 63.Ke2 Rxe4+ 64.Kd1 Rg4
65.Rxa5 Rxg5 66.Kc2 Rh5 67.h4 Kf7 68.Rd5 Ke6 69.Rd4 Nc6 70.Rg4 Rf5 71.Re4+ Kd6
72.Re3 Rf2+ 73.Kc3 Rh2 74.b4 Rxh4 75.Rd3+ Kc7 76.b5 Ne5 77.Rd4 Rh3+ 78.Kb4 Nd3+
79.Ka5 Nc5 80.Rg4 Nb7+ 81.Ka6 Nc5+ 82.Ka5 Nb7+ 83.Kb4 Rh1 84.Rg7+ Kb8 85.Rg3 Kc7
86.Rb3 Rh4 87.Rc3 Kb6 88.Rg3 Kc7 89.Rg7+ Kb8 90.Rg6 Rh1 91.Rg3 Rh4 92.Rc3 Rh1
93.c5 Rb1+ 94.Kc4 Na5+ 95.Kd5 Rd1+ 96.Ke4 Kc7 97.c6 Rd8 98.Ke5 Kb6 99.c7 Rc8
100.Kd6 Kb7 101.Kd7  1-0

[Event "10th Open"]
[Site "Dubai UAE"]
[Date "2008.04.13"]
[Round "8"]
[White "Kalegin,E"]
[Black "Wu Xibin"]
[Result "1-0"]
[WhiteElo "2510"]
[BlackElo "2351"]

1.e4 c5 2.Nf3 d6 3.Bb5+ Bd7 4.Bxd7+ Qxd7 5.O-O Nf6 6.Re1 Nc6 7.c3 e6 8.d4 cxd4
9.cxd4 d5 10.e5 Ne4 11.Nbd2 Nxd2 12.Bxd2 Be7 13.Rc1 O-O 14.Rc3 Rac8 15.a3 Rc7
16.Rd3 Rfc8 17.h4 Bf8 18.h5 h6 19.Nh4 Be7 20.Qg4 Bxh4 21.Qxh4 Ne7 22.Qf4 Rf8
23.Bb4 f5 24.Rg3 Kh7 25.Ree3 Rf7 26.Bc5 Qb5 27.Rb3 Qe2 28.Qf3 Qe1+ 29.Kh2 b6
30.Bb4 Qf1 31.Rc3 Nc6 32.Qf4 Nxb4 33.axb4 Qe2 34.Rgf3 Qxb2 35.Rxc7 Rxc7 36.g4 Rc1
37.Rg3 Qb1 38.Qf3 f4 39.Qxf4 Rh1+ 40.Kg2 Qf1+ 41.Kf3 Qd1+ 42.Kg2 Rh4  1-0

[Event "10th Open"]
[Site "Dubai UAE"]
[Date "2008.04.13"]
[Round "8"]
[White "Durarbeyli,V"]
[Black "Adly,A"]
[Result "1/2-1/2"]
[WhiteElo "2384"]
[BlackElo "2578"]

1.e4 c5 2.Nf3 d6 3.Bb5+ Bd7 4.Bxd7+ Qxd7 5.O-O Nc6 6.c3 Nf6 7.Qe2 e6 8.d4 cxd4
9.cxd4 d5 10.e5 Ne4 11.Nbd2 Nxd2 12.Bxd2 Be7 13.Rac1 O-O 14.Rc3 Rfc8 15.Rfc1 a6
16.h4 Na7 17.h5 Rxc3 18.Rxc3 Rc8 19.Rb3 Rc4 20.h6 g6 21.Qe3 Nb5 22.Qf4 Qd8
23.Be3 Ra4 24.a3 Rc4 25.g3 Qf8 26.Kg2 Bd8 27.Bd2 Qe8 28.Bb4 b6 29.a4 Na7
30.Ba3 Rxa4 31.Rxb6 Rxa3 32.Rb8 Nc6 33.Rxd8 Qxd8 34.bxa3 Na5 35.Nh2 Nc4 36.Ng4 Nxa3
37.Nf6+ Kh8 38.Kg1 Qf8 39.Nxd5 exd5 40.Qf6+ Kg8 41.e6 fxe6 42.Qxe6+ Qf7 43.Qc8+ Qf8
44.Qe6+ Qf7 45.Qc8+ Qf8 46.Qe6+ Qf7  1/2-1/2

[Event "Copenhagen Chess Challenge"]
[Site "Ballerup DEN"]
[Date "2008.04.16"]
[Round "1"]
[White "Knudsen,JesW"]
[Black "Olsson,Li"]
[Result "0-1"]
[WhiteElo "1980"]
[BlackElo "2372"]

1.e4 c5 2.Nf3 d6 3.Bb5+ Nd7 4.c3 Nf6 5.d3 a6 6.Ba4 b5 7.Bc2 Bb7 8.O-O e5
9.Nbd2 g6 10.Re1 Bg7 11.a4 O-O 12.Nf1 Re8 13.Bg5 h6 14.Bh4 Qc7 15.h3 d5 16.axb5 axb5
17.Rxa8 Rxa8 18.Ne3 d4 19.Ng4 Nxg4 20.hxg4 Qa5 21.cxd4 cxd4 22.Be7 Re8 23.Bh4 Nc5
24.Qd2 b4 25.Rc1 Ba6 26.Ne1 Qb5 27.b3 g5 28.Bg3 Bc8 29.Qd1 Be6 30.Ra1 Qd7
31.f3 f6 32.Ra5 Bf8 33.Qb1 Qf7 34.Rb5 Ra8 35.Rxb4 Nxe4 36.dxe4 Bxb4 37.Nd3 Bc3  0-1

[Event "Gausdal Classics GMB"]
[Site "Gausdal NOR"]
[Date "2008.04.16"]
[Round "9"]
[White "Saevareid,O"]
[Black "Obers,F"]
[Result "1/2-1/2"]
[WhiteElo "2162"]
[BlackElo "2111"]

1.Nf3 c5 2.e4 d6 3.Bb5+ Bd7 4.Bxd7+ Qxd7 5.O-O Nf6 6.Qe2 Nc6 7.Rd1 Rc8 8.d4 cxd4
9.Nxd4 g6 10.Nc3 Bg7 11.Nxc6 Qxc6 12.e5 dxe5 13.Qxe5 O-O 14.Qxe7 Rfe8 15.Qb4 Ne4
16.Nxe4 Rxe4 17.Qb3 a5 18.c3 a4 19.Qc2 a3 20.bxa3 Rc4 21.Bb2 Bxc3 22.Rab1 Bxb2
23.Qxb2 Rc2 24.Qxb7 Qxb7 25.Rxb7 Rxa2  1/2-1/2

[Event "Gausdal Classics GMB"]
[Site "Gausdal NOR"]
[Date "2008.04.16"]
[Round "9"]
[White "Soderberg,P"]
[Black "Kremenietsky,AnM"]
[Result "1/2-1/2"]
[WhiteElo "2195"]
[BlackElo "2354"]

1.e4 c5 2.Nf3 d6 3.Bb5+ Nd7 4.a4 Nf6 5.d3 g6 6.O-O Bg7 7.Nbd2 O-O 8.a5 a6
9.Bxd7 Bxd7 10.Nc4 Bc6 11.Re1 Nd7 12.Bd2 h6 13.Bc3 Bxc3 14.bxc3 Kg7 15.Qe2 Qc7
16.Ne3 e6 17.c4 Rae8 18.Nh4 g5 19.Nf3 Kg6 20.g4 f5 21.gxf5+ exf5 22.Nxf5 Nf6
23.Ng3 Bd7 24.Nd2 Ng4 25.Rf1 Ne5 26.f4 gxf4 27.Qh5+ Kh7 28.Nf5 Bxf5 29.exf5 Qg7+
30.Kh1 Qg5 31.Qxg5 hxg5 32.Ne4 Nxc4 33.Nxg5+ Kh6 34.Nh3 Ne3 35.Rxf4 Rxf5
36.Rh4+ Rh5 37.Rxh5+ Kxh5 38.Re1 Re5 39.Rb1 Nxc2 40.Rxb7 Kg4 41.Nf2+ Kf3
42.Ne4 Rd5 43.Rf7+ Ke3 44.Rf6 c4 45.Nxd6 c3 46.Ne4 Rxa5 47.Nxc3 Nd4 48.Ne4 Nf3
49.Kg2 Ne1+ 50.Kg3 Nxd3 51.Re6 Nf4 52.Re8 Ne2+ 53.Kg4 Kd4  1/2-1/2

[Event "IX EICC"]
[Site "Plovdiv BUL"]
[Date "2008.04.21"]
[Round "1"]
[White "Meier,Geo"]
[Black "Haroutjunian,D"]
[Result "1-0"]
[WhiteElo "2560"]
[BlackElo "2293"]

1.e4 c5 2.Nf3 d6 3.Bb5+ Bd7 4.Bxd7+ Qxd7 5.c4 Qg4 6.O-O Qxe4 7.d4 cxd4 8.Nxd4 Nc6
9.Nb5 O-O-O 10.Be3 a6 11.N1c3 Qxc4 12.b3 Qh4 13.Na7+ Kb8 14.Nxc6+ bxc6 15.Qd3 Kb7
16.b4 d5 17.Na4 e5 18.f4 d4 19.fxe5 dxe3 20.Rxf7+ Be7 21.Qxd8 Qf2+ 22.Kh1 Qxf7
23.Qd7+ Kb8 24.Nc5  1-0

[Event "IX EICC w"]
[Site "Plovdiv BUL"]
[Date "2008.04.21"]
[Round "1"]
[White "Vladimirova,M"]
[Black "Batsiashvili,N"]
[Result "0-1"]
[WhiteElo "1976"]
[BlackElo "2304"]

1.e4 c5 2.Nf3 d6 3.Bb5+ Bd7 4.Bxd7+ Qxd7 5.O-O Nc6 6.c3 Nf6 7.Re1 e6 8.d4 cxd4
9.cxd4 d5 10.e5 Ne4 11.Nbd2 Nxd2 12.Bxd2 Be7 13.a3 O-O 14.Rc1 Rfc8 15.Rc3 Qd8
16.Rd3 Na5 17.h4 Nc4 18.Bc1 Rc6 19.Ng5 h6 20.Nf3 Rac8 21.Nh2 Bxh4 22.Rh3 Nxe5
23.Bxh6 Ng6 24.Be3 Bg5 25.Qh5 Bxe3 26.Rexe3 Rc1+ 27.Nf1 Qb6 28.Qh7+ Kf8 29.Rhf3 Rxf1+
30.Kh2 Qd6+ 31.g3 Rcc1 32.Rxf7+ Kxf7 33.Rf3+ Qf4  0-1

[Event "IX EICC"]
[Site "Plovdiv BUL"]
[Date "2008.04.22"]
[Round "2"]
[White "Sanduleac,V"]
[Black "Vegh,E"]
[Result "1/2-1/2"]
[WhiteElo "2461"]
[BlackElo "2278"]

1.e4 c5 2.Nf3 d6 3.Bb5+ Bd7 4.Bxd7+ Qxd7 5.O-O Nc6 6.c3 Nf6 7.Qe2 e6 8.Rd1 Be7
9.d4 cxd4 10.cxd4 d5 11.e5 Ne4 12.Be3 f6 13.exf6 Bxf6 14.Nbd2 Nd6 15.Nb3 b6
16.Bf4 O-O 17.Bxd6 Qxd6 18.Rac1 Rac8 19.h3 Rc7 20.Rc3 Rfc8 21.Qb5 Qb4 22.Qa6 Qd6
23.Rdc1 Ne7 24.Rxc7 Rxc7 25.Re1 Nc6 26.a3 Kf7 27.Qe2 Re7 28.Rc1 Rc7 29.Rc3 Ne7
30.Ne5+ Bxe5 31.dxe5 Qd7 32.Qg4 Nf5 33.Qf4 Qc8 34.Qf3  1/2-1/2

[Event "IX EICC"]
[Site "Plovdiv BUL"]
[Date "2008.04.22"]
[Round "2"]
[White "Solak,D"]
[Black "Vuckovic,Bo"]
[Result "1/2-1/2"]
[WhiteElo "2630"]
[BlackElo "2556"]

1.e4 c5 2.Nf3 d6 3.Bb5+ Nc6 4.O-O Bd7 5.Re1 Nf6 6.d3 e5 7.Bxc6 bxc6 8.c3 Be7
9.d4 cxd4 10.cxd4 exd4 11.Qxd4 O-O 12.Nc3 Bg4 13.Qd3 Bxf3 14.Qxf3 d5 15.Bg5 Nxe4
16.Bxe7 Qxe7 17.Nxe4 dxe4 18.Qxe4 Qxe4 19.Rxe4 Rfd8  1/2-1/2

[Event "IX EICC"]
[Site "Plovdiv BUL"]
[Date "2008.04.23"]
[Round "3"]
[White "Sarakauskas,G"]
[Black "Baramidze,D"]
[Result "0-1"]
[WhiteElo "2449"]
[BlackElo "2583"]

1.e4 c5 2.Nf3 d6 3.Bb5+ Bd7 4.Bxd7+ Qxd7 5.c4 Nf6 6.Nc3 g6 7.d4 cxd4 8.Nxd4 Bg7
9.f3 O-O 10.Be3 Rc8 11.b3 e6 12.Qd2 d5 13.cxd5 exd5 14.e5 Ne8 15.f4 Nc6 16.O-O Nc7
17.Nxc6 bxc6 18.Ne4 Rd8 19.Nc5 Qf5 20.Nb7 Rd7 21.Qc1 f6 22.Qxc6 fxe5 23.fxe5 Qe6
24.Na5 Bxe5 25.Rae1 Bg7 26.Bxa7 Qxc6 27.Nxc6 Rxa7 28.Nxa7 Bd4+ 29.Kh1 Bxa7
30.b4 d4 31.a4 Nd5 32.b5 d3 33.a5 d2 34.Rd1 Ne3 35.b6 Nxf1 36.bxa7 Rxa7 37.Rxf1 Re7  0-1

[Event "IX EICC w"]
[Site "Plovdiv BUL"]
[Date "2008.04.23"]
[Round "3"]
[White "Bulmaga,I"]
[Black "Padurariu,I"]
[Result "1/2-1/2"]
[WhiteElo "2106"]
[BlackElo "2242"]

1.e4 c5 2.Nf3 d6 3.Bb5+ Bd7 4.Bxd7+ Qxd7 5.c4 Nf6 6.Nc3 g6 7.d4 cxd4 8.Nxd4 Bg7
9.f3 O-O 10.Be3 Rc8 11.b3 Nc6 12.O-O e6 13.Rc1 d5 14.Nxc6 bxc6 15.cxd5 cxd5
16.e5 Ne8 17.f4 Nc7 18.Qd3 f6 19.Bd4 fxe5 20.fxe5 Rf8 21.Qe3 Nb5 22.Nxb5 Qxb5
23.Rxf8+ Bxf8 24.Bxa7 Qb7 25.Bc5 Rxa2 26.Bxf8 Kxf8 27.Qc5+ Kg7 28.Qd6 Qa7+
29.Kh1 Qf2 30.Rg1 Re2 31.Qxe6 h5 32.h3 d4 33.Qd7+ Kh6 34.e6 Re1 35.Rxe1 Qxe1+
36.Kh2 Qe5+ 37.Kh1 Qe1+  1/2-1/2

[Event "IX EICC w"]
[Site "Plovdiv BUL"]
[Date "2008.04.24"]
[Round "4"]
[White "Klinova,M"]
[Black "Nikolova,A"]
[Result "0-1"]
[WhiteElo "2318"]
[BlackElo "2219"]

1.e4 c5 2.Nf3 d6 3.Bb5+ Bd7 4.Bxd7+ Qxd7 5.c4 g6 6.Nc3 Bg7 7.d4 cxd4 8.Nxd4 Nf6
9.f3 O-O 10.O-O Rc8 11.b3 d5 12.exd5 Nxd5 13.Nxd5 e6 14.Be3 exd5 15.Rc1 dxc4
16.Rxc4 Rxc4 17.bxc4 Na6 18.Nb5 Qe7 19.Bxa7 Rxa7 20.Nxa7 Qc5+ 21.Kh1 Qxa7
22.Re1 Bf6 23.Qd5 Qf2 24.Rd1 Qxa2 25.g4 h6 26.f4 Qe2 27.Rb1 Nc7 28.Qxb7 Qxc4
29.Qf3 Nd5 30.Rf1 Ne3 31.Re1 Bd4 32.h4 Qc3 33.Rb1 Qc2 34.Re1 Qd2 35.Rb1 Qc2
36.Re1 Qd2 37.Rb1 h5 38.gxh5 gxh5 39.Rg1+ Ng4 40.Rxg4+ hxg4 41.Qxg4+ Kf8
42.Qc8+ Ke7 43.Qc7+ Ke6 44.Qc8+ Kf6 45.Qd8+ Kg7 46.Qg5+ Kh8 47.Qh5+ Kg8 48.Qg4+ Kf8
49.Qc8+ Ke7 50.Qc7+ Kf6 51.Qd8+ Kf5 52.Qd7+ Ke4 53.Qxf7 Be3 54.Qb7+ Kf5 55.Qc8+ Kxf4
56.Qc4+ Kg3 57.Qg8+ Kf3 58.Qa8+ Kf4 59.Qb8+ Ke4 60.Qb7+ Kd3 61.Qd5+ Bd4 62.Qb5+ Kc2
63.Qc6+ Kd1 64.Qf3+ Ke1 65.Qe4+ Be3 66.Qb1+ Ke2 67.Qb5+ Ke1 68.Qb1+ Kf2 69.Qf5+ Bf4
70.Qc5+ Kg3 71.Qg1+ Kxh4 72.Qg2 Qe3 73.Qg6 Qh3+  0-1

[Event "IX EICC"]
[Site "Plovdiv BUL"]
[Date "2008.04.24"]
[Round "4"]
[White "Vedder,H"]
[Black "Saric,A"]
[Result "0-1"]
[WhiteElo "2371"]
[BlackElo "2505"]

1.e4 c5 2.Nf3 d6 3.Bb5+ Bd7 4.Bxd7+ Qxd7 5.O-O Nf6 6.e5 dxe5 7.Nxe5 Qc7 8.Nc4 Nc6
9.Nc3 e6 10.d3 Be7 11.Bg5 O-O 12.Bh4 Rfd8 13.Bg3 Qd7 14.Re1 Nd4 15.a4 Nf5
16.Qf3 Nd4 17.Qd1 b6 18.Ne4 Nxe4 19.Rxe4 Bf6 20.h3 Qc6 21.Bh2 h6 22.Be5 Bxe5
23.Nxe5 Qc7 24.c3 Nc6 25.Nc4 Rd5 26.Qe2 Rad8 27.Re3 Qd7 28.Rd1 Ne7 29.b3 Ng6
30.g3 Qc7 31.Qf3 a6 32.a5 b5 33.Nb6 R5d6 34.Ree1 Ne7 35.Qf4 Nc8 36.Nxc8 Qxc8
37.Re3 R8d7 38.b4 Rc6 39.Rc1 cxb4 40.Qxb4 Rdc7 41.c4 bxc4 42.dxc4 Rxc4 43.Rxc4 Rxc4
44.Qd2 Rc2 45.Qb4 Qc5 46.Qb8+ Kh7 47.Qf4 Rc1+ 48.Kh2 Qd5 49.Qe4+ Qxe4 50.Rxe4 Rc5
51.Ra4 g5 52.Kg2 Kg6 53.Kf3 Re5 54.Ra1 h5 55.Ra4 f5 56.Ra2 Kf6 57.Ra3 Re4
58.Rc3 g4+ 59.Kg2 Re5 60.Ra3 Ke7 61.Ra2 Kd6 62.Ra1 Rc5 63.Ra2 Ke5 64.Re2+ Kf6
65.Ra2 e5 66.h4 e4 67.Rb2 Rxa5 68.Rb6+ Ke5 69.Rh6 e3 70.fxe3 Ke4 71.Rxh5 Kxe3
72.Rg5 Ra2+ 73.Kg1 f4 74.Rxg4 f3 75.Rf4 Ra1+ 76.Kh2 f2  0-1

[Event "IX EICC"]
[Site "Plovdiv BUL"]
[Date "2008.04.24"]
[Round "4"]
[White "Spasov,V"]
[Black "Smirin,I"]
[Result "1/2-1/2"]
[WhiteElo "2579"]
[BlackElo "2630"]

1.e4 c5 2.Nf3 d6 3.Bb5+ Bd7 4.Bxd7+ Qxd7 5.c4 Nf6 6.Nc3 g6 7.d4 cxd4 8.Nxd4 Bg7
9.h3 O-O 10.O-O Nc6 11.Be3  1/2-1/2

[Event "26th Metz Open"]
[Site "Metz St Symphorien FRA"]
[Date "2008.04.25"]
[Round "7"]
[White "Marzolo,C"]
[Black "Saatdjian,T"]
[Result "1-0"]
[WhiteElo "2476"]
[BlackElo "2311"]

1.e4 c5 2.Nf3 d6 3.Bb5+ Bd7 4.Bxd7+ Qxd7 5.c4 Nc6 6.d4 cxd4 7.Nxd4 Nf6 8.f3 g6
9.Nc3 Bg7 10.Nde2 O-O 11.Bg5 Rfd8 12.O-O b6 13.Qd2 Qb7 14.b3 Rd7 15.Rac1 a6
16.a4 e6 17.Ng3 Ne8 18.Be3 Nc7 19.Rfd1 Rad8 20.Qf2 Rb8 21.Nge2 Na5 22.Rb1 b5
23.Ba7 Rc8 24.Bb6 b4 25.Bxa5 bxc3 26.Bxc3 Bxc3 27.Nxc3 Qb4 28.Rd3 Rdd8 29.Na2 Qb7
30.Rbd1 d5 31.Nc3 Qxb3 32.Nxd5 Qxc4 33.Rc3  1-0

[Event "IX EICC"]
[Site "Plovdiv BUL"]
[Date "2008.04.25"]
[Round "5"]
[White "Lintchevski,D"]
[Black "Kotanjian,T"]
[Result "0-1"]
[WhiteElo "2450"]
[BlackElo "2570"]

1.e4 c5 2.Nf3 d6 3.Bb5+ Nd7 4.c3 Nf6 5.Qe2 a6 6.Ba4 b5 7.Bc2 Bb7 8.O-O e6
9.d4 Qc7 10.a4 Be7 11.dxc5 Nxc5 12.axb5 O-O 13.Bg5 axb5 14.Nbd2 h6 15.Bh4 g5
16.e5 Rxa1 17.Rxa1 gxh4 18.exf6 Bxf6 19.Nd4 b4 20.Qh5 Bg7 21.Qxh4 bxc3 22.bxc3 Qd8
23.Qg3 Qg5 24.Nc4 Qxg3 25.hxg3 Rd8 26.Ra7 d5 27.Na5 Ra8 28.Rxa8+ Bxa8 29.f4 Bf6
30.Kf2 Bd8 31.Nac6 Bb6 32.Ke2 Bb7 33.f5 Kg7 34.fxe6 fxe6 35.Ne5 Ba6+ 36.Kf3 Ba5
37.Ne2 Bxe2+ 38.Kxe2 Bxc3 39.Ng4 Bd4 40.Bb1 Nd7 41.Nh2 Ba7 42.Nf3 Kf6 43.Bh7 Bb8
44.Kf2 Bd6 45.Bc2 e5 46.Bb3 Nb6 47.g4 e4 48.Nd4 Bf4 49.Nf5 Ke5 50.Ne7 Bg5
51.Nc6+ Kd6 52.Nd4 Nd7 53.Ke2 Nf6 54.Nf5+ Kc5 55.Ne7 d4 56.Bc2 Kc4  0-1

[Event "IX EICC w"]
[Site "Plovdiv BUL"]
[Date "2008.04.25"]
[Round "5"]
[White "Bulmaga,I"]
[Black "Shaidullina,S"]
[Result "1-0"]
[WhiteElo "2106"]
[BlackElo "2298"]

1.e4 c5 2.Nf3 d6 3.Bb5+ Bd7 4.Bxd7+ Nxd7 5.O-O Ngf6 6.Qe2 Rc8 7.c3 e6 8.d3 Ne5
9.Ng5 h6 10.f4 hxg5 11.fxe5 dxe5 12.Bxg5 c4 13.Bxf6 cxd3 14.Qd1 gxf6 15.b4 Bh6
16.Qf3 d2 17.Na3 a6 18.Rad1 Bg5 19.Nb1 Qb6+ 20.Kh1 Ke7 21.g3 Rcd8 22.Nxd2 Qc6
23.Nb3 f5 24.Rxd8 Rxd8 25.exf5 Qxf3+ 26.Rxf3 e4 27.Rf1 e3 28.Kg2 Rd3 29.fxe6 f6
30.h4 e2 31.Re1 Be3 32.Rxe2 Rxc3 33.Nc5 Bxc5 34.bxc5 Rxc5 35.g4 b5 36.Kf3 b4
37.Kf4 a5 38.h5 a4 39.h6 b3 40.axb3 axb3 41.h7 Rc8 42.Kf5 Rb8 43.Kg6 b2 44.Rxb2 Rxb2
45.h8=Q Rf2 46.Qc8 Rd2 47.Qg8 Re2 48.Qf7+ Kd6 49.Qd7+ Ke5 50.e7 Kf4 51.e8=Q Rxe8
52.Qxe8  1-0

[Event "IX EICC"]
[Site "Plovdiv BUL"]
[Date "2008.04.26"]
[Round "6"]
[White "Spasov,V"]
[Black "Nielsen,PH"]
[Result "1/2-1/2"]
[WhiteElo "2579"]
[BlackElo "2629"]

1.e4 c5 2.Nf3 d6 3.Bb5+ Bd7 4.Bxd7+ Qxd7 5.c4 Nf6 6.Nc3 g6 7.d4 cxd4 8.Nxd4 Bg7
9.h3 O-O 10.Nf3 Rc8 11.b3 a6 12.a4 e6 13.O-O  1/2-1/2

[Event "IX EICC"]
[Site "Plovdiv BUL"]
[Date "2008.04.26"]
[Round "6"]
[White "Pavasovic,D"]
[Black "Efimenko,Z"]
[Result "1/2-1/2"]
[WhiteElo "2595"]
[BlackElo "2660"]

1.e4 c5 2.Nf3 d6 3.Bb5+ Bd7 4.Bxd7+ Qxd7 5.O-O Nf6 6.Re1 Nc6 7.c3 e6 8.d4 cxd4
9.cxd4 d5 10.e5 Ne4 11.Nbd2 Nxd2 12.Bxd2 Be7 13.Rc1 O-O 14.Rc3 Rfc8 15.a3 Bd8
16.Rd3  1/2-1/2

[Event "IX EICC"]
[Site "Plovdiv BUL"]
[Date "2008.04.26"]
[Round "6"]
[White "Kotrotsos,V"]
[Black "Sarakauskas,G"]
[Result "0-1"]
[WhiteElo "2323"]
[BlackElo "2449"]

1.e4 c5 2.Nf3 d6 3.Bb5+ Nd7 4.d4 Nf6 5.Nc3 cxd4 6.Qxd4 e5 7.Qd3 h6 8.O-O Be7
9.Re1 O-O 10.Be3 a6 11.Bc4 Qc7 12.Bb3 b5 13.Nh4 Nc5 14.Bxc5 dxc5 15.Nd5 Nxd5
16.Bxd5 Rd8 17.Qg3 Rb8 18.Rad1 Rb6 19.Nf3 Bf6 20.Rd2 c4 21.c3 Qe7 22.Red1 Rbd6
23.a3 Kf8 24.Kf1 g5 25.h3 h5 26.Nh2 g4 27.hxg4 Bg5 28.Re2 Bf4 29.Qh3 Rh6
30.g3 hxg4 31.Qg2 Bg5 32.Kg1 Kg7 33.Nf1 Rdh8 34.Ne3 Bxe3 35.fxe3 Qg5 36.Rf1 f6
37.Rff2 Rh3 38.Re1 R8h5 39.Kf1 Qh6 40.Ke2 Rh2 41.Qg1 Rxf2+  0-1

[Event "26th Liechtenstein Open"]
[Site "Triesen LIE"]
[Date "2008.04.26"]
[Round "2"]
[White "Keller,M1"]
[Black "Gaehwiler,G"]
[Result "1-0"]
[WhiteElo "2245"]
[BlackElo "2044"]

1.e4 c5 2.Nf3 d6 3.Bb5+ Bd7 4.Bxd7+ Qxd7 5.O-O Nc6 6.c3 Nf6 7.d4 Nxe4 8.d5 Nd8
9.Re1 Nf6 10.Bg5 e6 11.Bxf6 gxf6 12.Nbd2 Be7 13.Nh4 h5 14.Ne4 Rh6 15.Qd2 Rh7
16.Qf4 e5 17.Nxf6+ Bxf6 18.Qxf6 Qe7 19.Qf5 Rh6 20.Qe4 Qg5 21.Re3 Qg4 22.Nf5 Qxe4
23.Rxe4 Rf6 24.Ng7+ Kd7 25.Nxh5 Rh6 26.Ng3 f6 27.Rg4 Rh7 28.Rg6 Rf7 29.Nf5 b6
30.Rg8 Rc8 31.Re1 Nb7 32.Rxc8 Kxc8 33.Re4 Kc7 34.h4 Rh7 35.Rg4 Nd8 36.Rg6 Rf7
37.h5 b5 38.h6 Rf8 39.h7 Rh8 40.Rg7+ Kb6 41.Nxd6 b4 42.c4 a5 43.Nc8+  1-0

[Event "IX EICC"]
[Site "Plovdiv BUL"]
[Date "2008.04.27"]
[Round "7"]
[White "Chudinovskikh,A"]
[Black "Muratet Casadevall,A"]
[Result "1/2-1/2"]
[WhiteElo "2392"]
[BlackElo "2174"]

1.e4 c5 2.Nf3 d6 3.Bb5+ Bd7 4.Bxd7+ Qxd7 5.c4 Nc6 6.d4 cxd4 7.Nxd4 Nf6 8.f3 g6
9.Be3 Bg7 10.Nc3 O-O 11.O-O Rfc8 12.b3 a6 13.a4 e6 14.f4 d5 15.Nxc6 Qxc6
16.exd5 exd5 17.Nxd5 Nxd5 18.cxd5 Qc3 19.Qf3 Re8 20.Bf2 Qxf3 21.gxf3 Bxa1
22.Rxa1 Red8 23.Rd1 f6 24.Bc5 Rd7 25.a5 Rad8 26.d6 Kf7 27.Kf2 Ke6 28.Ke3 Rc8
29.Kd4 Kf5 30.Kd5 Re8 31.Rd4 Re3 32.Re4 Rxf3 33.Re7 Rd3+ 34.Kc4 R3xd6 35.Bxd6 Rxd6
36.Rxb7 Kxf4 37.b4 Ke5 38.Kc5 f5 39.b5 Rd5+ 40.Kc6 Rd6+ 41.Kc7 f4 42.Rb8 axb5
43.Rxb5+ Ke6 44.Rb6 Rxb6 45.axb6 f3 46.b7 f2 47.b8=Q f1=Q 48.Qe8+ Kd5 49.Qd7+ Ke5
50.Qe7+ Kd4 51.Qxh7 Qf6 52.Kd7 Qe5  1/2-1/2

[Event "26th Liechtenstein Open"]
[Site "Triesen LIE"]
[Date "2008.04.28"]
[Round "4"]
[White "Keller,M1"]
[Black "Ovsejevitsch,S"]
[Result "0-1"]
[WhiteElo "2245"]
[BlackElo "2581"]

1.e4 c5 2.Nf3 d6 3.Bb5+ Nc6 4.O-O Bd7 5.c3 Nf6 6.Re1 a6 7.Bxc6 Bxc6 8.d4 Bxe4
9.Bg5 Bc6 10.Bxf6 gxf6 11.d5 Bd7 12.Nh4 Rg8 13.Qf3 Rg7 14.Nd2 Qc7 15.Nf5 Bxf5
16.Qxf5 Qd7 17.Qxf6 Qg4 18.Qf3 Qxf3 19.Nxf3 Kd7 20.a4 Rg4 21.g3 Bg7 22.h3 Rg6
23.Nd2 b6 24.Nc4 Rb8 25.Re2 Rg5 26.Rae1 Bf8 27.Ne3 e6 28.dxe6+ fxe6 29.h4 Rg6
30.Ng2 Bh6 31.h5 Rf6 32.f4 Rg8 33.Kh2 Rf5 34.Rxe6 Rxh5+ 35.Kg1 Rxg3 36.Re7+ Kc6
37.Rxh7 Rg7 38.Rxg7 Bxg7 39.Re7 Bf6 40.Rf7 Bh8 41.Ne3 d5 42.Rf5 Rxf5 43.Nxf5 b5
44.Ne7+ Kd6 45.axb5 axb5 46.Ng6 Bf6 47.Kf1 b4 48.cxb4 c4 49.Ke2 Bxb2 50.Kd2 Bf6
51.Nf8 Bg7 52.Nh7 d4 53.Ng5 Kd5 54.b5 Bf8 55.f5 Bh6  0-1

[Event "IX EICC"]
[Site "Plovdiv BUL"]
[Date "2008.04.29"]
[Round "8"]
[White "Solak,D"]
[Black "Aveskulov,V"]
[Result "1/2-1/2"]
[WhiteElo "2630"]
[BlackElo "2535"]

1.e4 c5 2.Nf3 d6 3.Bb5+ Nc6 4.Bxc6+ bxc6 5.O-O e5 6.c3 f5 7.exf5 Bxf5 8.d4 cxd4
9.cxd4 e4 10.Qe2 Nf6 11.Bg5 Rc8 12.Nh4 Bd7 13.Nc3 Be7 14.Bxf6 Bxf6 15.Qxe4+ Qe7
16.Nf5 Bxf5 17.Qxf5 O-O 18.Qd3 Rfe8 19.b4 d5 20.Rab1 a6 21.g3 Qa7 22.Rfd1 g6
23.Kg2 Bg7 24.a4 Rf8 25.Rb2 Rb8 26.a5 Rfe8 27.h4 Kh8 28.Rdd2 Re7 29.Rb1 Reb7
30.Na2 Re7 31.Rc1 Bh6 32.f4 Rbe8 33.Rc3 Re4 34.Nc1 Qe7 35.Qxa6 Re1 36.Qd3 Qxb4
37.Re2 R1xe2+ 38.Nxe2 Rxe2+  1/2-1/2

[Event "IX EICC"]
[Site "Plovdiv BUL"]
[Date "2008.05.01"]
[Round "10"]
[White "Kotrotsos,V"]
[Black "Kostopoulos,E"]
[Result "1-0"]
[WhiteElo "2323"]
[BlackElo "2152"]

1.e4 c5 2.Nf3 d6 3.Bb5+ Bd7 4.Bxd7+ Qxd7 5.O-O Nf6 6.e5 dxe5 7.Nxe5 Qc8 8.Qf3 e6
9.d3 Be7 10.Bg5 O-O 11.Nc3 h6 12.Bh4 Nbd7 13.Nc4 Rd8 14.Rfe1 Nf8 15.Bg3 Ng6
16.Nb5 Qd7 17.a4 b6 18.Bc7 Rdc8 19.Bxb6 Nd5 20.Ba5 Bf6 21.Bd2 Rab8 22.c3 Nh4
23.Qe2 Nf5 24.g4 Nh4 25.Nbd6 Bg5 26.Bxg5 hxg5 27.Nxc8 Nf4 28.Qe4 Qxc8 29.Re3 e5
30.h3 Qe6 31.Kh2 f6 32.Rb1 Qe7 33.Na5 Rb6 34.b4 cxb4 35.Rxb4 g6 36.Rxb6 axb6
37.Nc4 Qc7 38.Kg3 Nhg2 39.Qa8+ Kg7 40.Re4 Qd7 41.d4 exd4 42.Rxd4 Qe6 43.Qe4  1-0

[Event "IX EICC"]
[Site "Plovdiv BUL"]
[Date "2008.05.01"]
[Round "10"]
[White "Damaso,R"]
[Black "Koepke,C"]
[Result "1/2-1/2"]
[WhiteElo "2449"]
[BlackElo "2296"]

1.e4 c5 2.Nf3 d6 3.Bb5+ Bd7 4.Bxd7+ Qxd7 5.O-O Nf6 6.Qe2 Nc6 7.c3 e6 8.d4 cxd4
9.cxd4 d5 10.e5 Ne4 11.Be3 Be7 12.Ne1 f6 13.f3 Ng5 14.exf6 Bxf6 15.Nc3 Nf7
16.Rd1 O-O 17.f4 Nd6 18.Nf3 Nf5 19.Bf2 g6 20.Rfe1 Rfe8 21.Ne5 Nxe5 22.dxe5 Bg7
23.g4 Nh6 24.Ne4 Qe7 25.Nf6+ Bxf6 26.exf6 Qd6 27.Qf3 b6 28.h4 Rac8 29.Re2 Rc4
30.Bd4 Qb4 31.Be5 Nf7 32.Bc3 Rxf4 33.Bxb4 Rxf3 34.Rxd5 Rxf6 35.Rd7 Rf4 36.Be7 Rxg4+
37.Kh2 Nh6 38.Rxa7 Nf5 39.Bf6 h5 40.Rb7 Nxh4 41.Rc2 Nf3+ 42.Kh3 Ng1+ 43.Kh2 Nf3+
44.Kh3 Rf4 45.Rg7+ Kf8 46.Rxg6 Kf7 47.Rh6 Rg8 48.Rc7+ Ke8 49.Rc8+ Kf7 50.Rc7+ Ke8  1/2-1/2

[Event "IX EICC w"]
[Site "Plovdiv BUL"]
[Date "2008.05.01"]
[Round "10"]
[White "Moser,E"]
[Black "Batsiashvili,N"]
[Result "1-0"]
[WhiteElo "2395"]
[BlackElo "2304"]

1.e4 c5 2.Nf3 d6 3.Bb5+ Bd7 4.Bxd7+ Qxd7 5.O-O Nc6 6.c3 Nf6 7.d4 Nxe4 8.d5 Ne5
9.Re1 Nf6 10.Nxe5 dxe5 11.c4 O-O-O 12.Nc3 e6 13.Bg5 Be7 14.Rxe5 h6 15.Bf4 Bd6
16.Nb5 Bb8 17.Qa4 a6 18.dxe6 Qe7 19.Qa3 Bxe5 20.Bxe5 fxe6 21.Na7+ Kd7 22.Qa4+ b5
23.Qxa6 Ke8 24.Nc6 Qd7 25.Nxd8 Qxd8 26.Qxe6+ Qe7 27.Qxe7+ Kxe7 28.cxb5 Rg8
29.a4 Nd5 30.a5 Ke6 31.Bg3 Ra8 32.b6 Nxb6 33.Re1+  1-0

[Event "IX EICC"]
[Site "Plovdiv BUL"]
[Date "2008.05.02"]
[Round "11"]
[White "Ris,R"]
[Black "Pavlidis,Ana"]
[Result "1-0"]
[WhiteElo "2395"]
[BlackElo "2280"]

1.e4 c5 2.Nf3 d6 3.Bb5+ Bd7 4.Bxd7+ Qxd7 5.O-O Nc6 6.c3 Nf6 7.Re1 e6 8.d4 cxd4
9.cxd4 d5 10.e5 Ne4 11.Nbd2 Nxd2 12.Bxd2 Be7 13.Rc1 O-O 14.Rc3 Rac8 15.a3 a5
16.Rd3 b5 17.Ng5 h6 18.Nh3 f6 19.Qg4 fxe5 20.dxe5 h5 21.Qg6 Rf5 22.Bh6 Bf6
23.exf6 Rxf6 24.Qxh5 Rxh6 25.Qg4 Ne7 26.Ng5 Nf5 27.Rh3 Rc4 28.Qxf5 Rch4 29.Qd3 Qd8
30.Qd2 Qb6 31.Qxd5 Rf6 32.Qd2 Qc6 33.Rg3 Rc4 34.Qd8+ Rf8 35.Qd3 Rf5 36.Rf3  1-0